000 00380nam a2200157Ia 4500
008 230711s9999||||xx |||||||||||||| ||und||
041 _aENG
082 _a800
_bCO-H
100 _aCovey,Stephen R
245 4 _aThe 7 habits of highly effective people
250 _a1st . . Ed.
260 _c2004
_aNew Delhi
_bPocket Books
300 _a372
650 _aLiterature
942 _cBK
999 _c5197
_d5197